000 00642nam a2200277Ia 4500
005 20260324150717.0
008 008 260324s9999 xx 000 0 eng d
020 _a9781315707686
037 _aEBOOK
040 _aCRL
040 _beng
040 _cCRL
041 _2eng
041 _aeng
084 _qCRL
100 _aC.W. Valentine
_91157219
245 0 _aPsychology and its Bearing on Education
260 _bTaylor and Francis
260 _c1950
365 _a
365 _b360
856 _uhttp://www.taylorfrancis.com/books/9781315707686
942 _cEBOOK
999 _c1837289
_d1837289